| 000 | 00000nam 2200000za 4500 |
| 001 | 9.822521 |
| 003 | CaOODSP |
| 005 | 20221107143710 |
| 007 | cr ||||||||||| |
| 008 | 160812s1994 onc|||||o f|0| 0 fre d |
| 040 | |aCaOODSP|bfre |
| 043 | |an-cn--- |
| 086 | 1 |aE100-2/3-91-1904-01F-PDF |
| 110 | 1 |aCanada.|bSecrétariat binational. |
| 245 | 10|aDans l'affaire de porc frais, frigorifié ou congelé du Canada |h[ressource électronique].|bopinion et ordonnance concernant la deuxeme décision de renvoi rendue par le Groupe spécial binational. |
| 246 | 1 |iEn tête du titre : |aArticle 1904.13, Comité pour contestation extraordinaire, Accord de libre-échange entre le Canada et les États-Unis |
| 246 | 30|aPorc frais, frigorifié ou congelé du Canada |
| 260 | |aOttawa : |b[Secrétariat binational, Accord de libre-échange Canada et États-Unis], |cc1994. |
| 300 | |a25 p. |
| 500 | |aLe 14 juin 1992. |
| 500 | |aPublié aussi en anglais sous le titre : In the matter of fresh, chilled, or frozen pork from Canada : memorandum opinion and order regarding Binational Panel Remand Decision II. |
| 692 | 07|2gccst|aProduit agro-alimentaire |
| 692 | 07|2gccst|aLibre-échange |
| 692 | 07|2gccst|aCommerce extérieur |
| 775 | 08|tIn the matter of fresh, chilled, or frozen pork from Canada |w(CaOODSP)9.822499 |
| 856 | 40|qPDF|s1.85 Mo|uhttps://publications.gc.ca/collections/collection_2016/alena-sec-nafta/E100-2-3-91-1904-01-fra.pdf |
| 986 | |aECC-91-1904-01USA |